El papel histórico del socialismo democrático en Guatemala /
Guardado en:
| Institution som forfatter: | |
|---|---|
| Format: | Texto |
| Sprog: | Spanish |
| Udgivet: |
Heredia, Costa Rica:
CEDAL,
1980
|
| Tags: |
Tilføj Tag
Ingen Tags, Vær først til at tagge denne postø!
|
MARC
| LEADER | 00000 a a2200000 04500 | ||
|---|---|---|---|
| 001 | 15496 | ||
| 003 | cru CIDCACS/IIS | ||
| 005 | 20240814162018.0 | ||
| 008 | 240814b1980 cr ||||| |||| 00| 0 spa d | ||
| 020 | |a [Sin ISBN] | ||
| 040 | |a cru CIDCACS/IIS |b spa |c cru CIDCACS/IIS | ||
| 090 | |a C748f | ||
| 110 | |a Conferencia Internacional de Solidaridad con el Pueblo de Guatemala | ||
| 245 | |a El papel histórico del socialismo democrático en Guatemala / |c Conferencia Internacional de Solidaridad con el Pueblo de Guatemala |h [impreso] | ||
| 260 | |a Heredia, Costa Rica: |b CEDAL, |c 1980 | ||
| 300 | |a 67 páginas | ||
| 500 | |a Conferencia Internacional | ||
| 942 | |2 z |c LITG | ||
| 999 | |c 12688 |d 12688 | ||
